Statistics for Winter Olympics Hosts by Year Quiz

Click here to take the quiz!

General Stats

  • This quiz has been taken 31 times
  • The average score is 15 of 24

Answer Stats

Years Host % Correct
2014Sochi
93%
2006Turin
90%
2002Salt Lake City
83%
2010Vancouver
80%
1994Lillehammer
73%
1988Calgary
73%
1998Nagano
70%
1984Sarajevo
70%
1980Lake Placid
70%
1964Innsbruck
60%
1928St. Moritz
60%
1992Albertville
60%
1932Lake Placid
60%
1976Innsbruck
60%
1924Chamonix
57%
2022Beijing
53%
1960Squaw Valley
53%
1968Grenoble
53%
2018Pyeongchang
53%
1948St. Moritz
53%
1936Garmisch-Partenkirchen
50%
1952Oslo
47%
1972Sapporo
47%
1956Cortina d'Ampezzo
43%

Score Distribution

Percentile by Number Answered

Percent of People with Each Score

Your Score History

You have not taken this quiz